| 000 | 00510nam a2200169Ia 4500 | ||
|---|---|---|---|
| 999 |
_c6015 _d6015 |
||
| 020 | _a8131600963 | ||
| 082 | _aRR 304.8 SOC- | ||
| 245 | 0 | _aSociology of diaspora: a reader | |
| 260 |
_aJaipur _bRawat Publications _c2007 |
||
| 500 | _acontents: 2 vols. vol.1.(xxviii, 583p.) - v.2. (xxviii, 583-1015) | ||
| 650 |
_aEmigration and immigration _vSocial aspects |
||
| 650 |
_aSouth Asian diaspora _vSocial aspects |
||
| 650 | _aSociology | ||
| 700 | _aSahoo, Ajaya Kumar | ||
| 700 | _aBrij Maharaj | ||
| 942 | _cBK | ||